The Hereford Challenge #2 Quiz Stats

 Plays Quiz not verified by Sporcle

Score 0/28 Timer 05:00
0 Plays Today
Question Herefordian % Correct
Zlatan _____ovicIbrahim
78.6%
Hoo got the first kill?Taylor
39.3%
What is Jake's favorite adhesive?Scotch Tape
32.1%
Hoo's going to get a 15 on the next chem quiz?Derrick
32.1%
Jake's best friend everKevin
32.1%
Asud!!Asud
32.1%
Blazer, pajama pants, and sunglassesAjamu
28.6%
Hoo owns two camels back home?Zain
28.6%
Paul's best friend everThe Don
25%
Best flash mob defense?Sam
25%
Yo i'm sooooo drunk right nowSam
25%
James BondMike
25%
Hoo stopped responding to Brian's texts?Chef Josh
25%
Who dances with varsity goalies from Maryland?Tina
25%
Question Herefordian % Correct
Who was stored on Paul's phone as Tina for two weeks?Nick
25%
Does not own a Dartmouth soccer sweatshirt and would never wear one if he didBrian
25%
Hoo is going to become a bus driver in 10 years?Abby
21.4%
Curses randomly and frequently at the fooseball tableJohn
21.4%
Hoo loves face time?Tom
21.4%
Old RA of the LawnBen
21.4%
The biggest thing to hit herefordThe Hammer
17.9%
There is no chance i will forget this guyChance
17.9%
Hwhat do you call a dead baby with no arms and no legs hanging on your wall? Art
17.9%
rugby playerThomas
17.9%
Best dressed at football gameIbrahim
14.3%
Big DawgZach
14.3%
Hoo drinks boiling water when he is sweating?Warren
14.3%
Who wrote the best comment on the last game?Poffer
10.7%

You're not logged in!

Compare scores with friends on all Sporcle quizzes.
OR
Log In

Show Comments

Extras

Created Oct 18, 2010ReportNominate
Tags:challenge

Top Quizzes Today


Score Distribution

Your Account Isn't Verified!

In order to create a playlist on Sporcle, you need to verify the email address you used during registration. Go to your Sporcle Settings to finish the process.

Report this User

Report this user for behavior that violates our Community Guidelines.

Details: